000 00606nam a22001935i 4500
001 102865
003 ES-MaACL
007 t|
008 950928s1881 it ||||1| ita d
040 _aCAM
_bspa
_cCAM
100 1 _aEsquilo.
_947970
245 1 0 _aTragedie di Eschilo /
_ctraduzione di Felice Belloti. E Gli idilli di Teocrito; tradotti da G. M. Pagnini con prefazione.
260 _aMilano :
_bEdoardo Sonzogno,
_c1881.
300 _a357, [2] p. ;
_c18 cm.
700 1 _aBellotti, Felice.
_927279
700 1 _aPagnini, G.M.
_988303
700 1 _aTeócrito.
_9109711
852 _aES-MaACL
_jG-10427
999 _c102865
_d102865